Consumer behavior : (Record no. 7850)
[ view plain ]
| 000 -LEADER | |
|---|---|
| fixed length control field | 01720cam a22004577i 4500 |
| 001 - CONTROL NUMBER | |
| control field | cm7w34rr90fbl3ft |
| 003 - CONTROL NUMBER IDENTIFIER | |
| control field | LIBRIS |
| 005 - DATE AND TIME OF LATEST TRANSACTION | |
| control field | 20250723155301.0 |
| 008 - FIXED-LENGTH DATA ELEMENTS--GENERAL INFORMATION | |
| fixed length control field | 190305s2019 xxka|||||b||||000 0|eng| |
| 020 ## - INTERNATIONAL STANDARD BOOK NUMBER | |
| International Standard Book Number | 9781292269245 |
| 040 ## - CATALOGING SOURCE | |
| Original cataloging agency | Li |
| Language of cataloging | swe |
| Description conventions | i |
| -- | rda |
| Transcribing agency | . |
| 041 ## - LANGUAGE CODE | |
| Language code of text/sound track or separate title | eng |
| 082 04 - DEWEY DECIMAL CLASSIFICATION NUMBER | |
| Classification number | 658.8342 S335 2019 |
| 084 ## - OTHER CLASSIFICATION NUMBER | |
| Classification number | Qblbmd |
| Number source | kssb/8 (machine generated) |
| 100 1# - MAIN ENTRY--PERSONAL NAME | |
| Personal name | Schiffman, Leon G. |
| 245 10 - TITLE STATEMENT | |
| Title | Consumer behavior : |
| Statement of responsibility, etc. | / |
| Remainder of title | Leon G. Schiffman, Joseph Wisenblit. |
| 250 ## - EDITION STATEMENT | |
| Edition statement | Twelfth edition, Global edition |
| 260 ## - PUBLICATION, DISTRIBUTION, ETC. | |
| Name of publisher, distributor, etc. | Pearson, Harlow, England, 2019 |
| 264 #1 - PRODUCTION, PUBLICATION, DISTRIBUTION, MANUFACTURE, AND COPYRIGHT NOTICE | |
| Place of production, publication, distribution, manufacture | Harlow : |
| Name of producer, publisher, distributor, manufacturer | Pearson, |
| Date of production, publication, distribution, manufacture, or copyright notice | 2019 |
| 264 #4 - PRODUCTION, PUBLICATION, DISTRIBUTION, MANUFACTURE, AND COPYRIGHT NOTICE | |
| Date of production, publication, distribution, manufacture, or copyright notice | 2019 |
| 300 ## - PHYSICAL DESCRIPTION | |
| Extent | 508 p |
| Dimensions | 24 cm |
| 336 ## - CONTENT TYPE | |
| Content type term | text |
| Content type code | txt |
| Source | rdacontent |
| 337 ## - MEDIA TYPE | |
| Media type term | unmediated |
| Media type code | n |
| Source | rdamedia |
| 338 ## - CARRIER TYPE | |
| Carrier type term | volume |
| Carrier type code | nc |
| Source | rdacarrier |
| 650 #7 - SUBJECT ADDED ENTRY--TOPICAL TERM | |
| Topical term or geographic name entry element | Konsumentpsykologi |
| Authority record control number or standard number | https://id.kb.se/term/sao/Konsumentpsykologi |
| Source of heading or term | sao |
| Geographic subdivision | Marketing |
| 650 #0 - SUBJECT ADDED ENTRY--TOPICAL TERM | |
| Topical term or geographic name entry element | Consumer behavior |
| 700 1# - ADDED ENTRY--PERSONAL NAME | |
| Personal name | Wisenblit, Joseph |
| Relationship | aut |
| 887 ## - NON-MARC INFORMATION FIELD | |
| Content of non-MARC field | {"@id":"cm7w34rr90fbl3ft","modified":"2019-03-05T08:05:28.044+01:00","checksum":"50492964845"} |
| Source of data | librisxl |
| 887 ## - NON-MARC INFORMATION FIELD | |
| Content of non-MARC field | {"@id":"cm7w36q99t0mf6xz","modified":"2019-03-05T08:06:20.715+01:00","checksum":"14004778955"} |
| Source of data | librisxl |
| 942 ## - ADDED ENTRY ELEMENTS (KOHA) | |
| Source of classification or shelving scheme | Dewey Decimal Classification |
| Koha item type | English Book |
| Suppress in OPAC | No |
| Withdrawn status | Lost status | Source of classification or shelving scheme | Damaged status | Not for loan | Home library | Current library | Date acquired | Total Checkouts | Full call number | Barcode | Date last seen | Price effective from | Koha item type |
|---|---|---|---|---|---|---|---|---|---|---|---|---|---|
| Dewey Decimal Classification | KHOBAR | KHOBAR | 07/23/2025 | 658.8342 S335 2019 | 1000000034972 | 07/23/2025 | 07/23/2025 | English Book | |||||
| Dewey Decimal Classification | KHOBAR | KHOBAR | 07/28/2025 | 658.8342 S335 2019 | 1000000034998 | 07/28/2025 | 07/28/2025 | English Book |
